[Event "WCO2014"]
[Site "Tromso"]
[Date "2014.08.09"]
[Round "7.27"]
[WhiteID "16300440"]
[White "Yang Ching Wei Austin"]
[BlackID "6600522"]
[Black "Aizpurua Patrick"]
[Result "1/2-1/2"]
[LiveChessVersion "1.4.3"]
[BlackElo "2172"]
[WhiteElo "1883"]

1. e4 {[%clk 1:30:37]} e6 {[%clk 1:30:54]} 2. d4 {[%clk 1:30:52]} d5
{[%clk 1:31:17]} 3. Nd2 {[%clk 1:31:17]} Be7 {[%clk 1:31:17]} 4. Ngf3
{[%clk 1:30:05]} Nf6 {[%clk 1:31:32]} 5. Bd3 {[%clk 1:29:47]} c5 {[%clk 1:31:07]}
6. exd5 {[%clk 1:26:44]} Nxd5 {[%clk 1:30:34]} 7. dxc5 {[%clk 1:24:06]} Nd7
{[%clk 1:29:44]} 8. c6 {[%clk 1:19:45]} bxc6 {[%clk 1:30:09]} 9. Nc4
{[%clk 1:15:28]} Ba6 {[%clk 1:27:43]} 10. Nce5 {[%clk 1:11:02]} Nxe5
{[%clk 1:21:29]} 11. Nxe5 {[%clk 1:10:40]} Bb4+ {[%clk 1:19:15]} 12. Bd2
{[%clk 1:07:15]} Qg5 {[%clk 1:14:24]} 13. O-O {[%clk 1:01:51]} Qxe5
{[%clk 1:03:56]} 14. Bxa6 {[%clk 1:00:49]} Bxd2 {[%clk 1:03:23]} 15. Qxd2
{[%clk 0:59:32]} Rb8 {[%clk 1:02:41]} 16. c3 {[%clk 0:55:11]} O-O
{[%clk 1:02:39]} 17. Rfe1 {[%clk 0:48:42]} Qf6 {[%clk 1:02:44]} 18. g3
{[%clk 0:46:56]} Rb6 {[%clk 1:01:25]} 19. Bd3 {[%clk 0:43:21]} Rfb8
{[%clk 1:00:48]} 20. Rab1 {[%clk 0:43:25]} h5 {[%clk 0:52:30]} 21. Rec1
{[%clk 0:39:23]} c5 {[%clk 0:46:12]} 22. a3 {[%clk 0:30:28]} Rb3 {[%clk 0:33:51]}
23. Bc2 {[%clk 0:30:24]} R3b7 {[%clk 0:34:02]} 24. Be4 {[%clk 0:30:04]} c4
{[%clk 0:31:44]} 25. Bxd5 {[%clk 0:24:07]} exd5 {[%clk 0:26:24]} 26. Qxd5
{[%clk 0:24:30]} Rxb2 {[%clk 0:26:46]} 27. Rxb2 {[%clk 0:24:59]} Rxb2
{[%clk 0:27:07]} 28. Qd4 {[%clk 0:25:19]} h4 {[%clk 0:23:15]} 29. Qxf6
{[%clk 0:21:22]} gxf6 {[%clk 0:23:41]} 30. gxh4 {[%clk 0:21:37]} Ra2
{[%clk 0:23:51]} 31. Kg2 {[%clk 0:21:42]} a5 {[%clk 0:24:09]} 32. Kf3
{[%clk 0:15:11]} f5 {[%clk 0:19:19]} 33. Ke3 {[%clk 0:13:06]} f4+
{[%clk 0:18:17]} 34. Kd4 {[%clk 0:11:36]} Rxf2 {[%clk 0:18:40]} 35. Kxc4
{[%clk 0:11:15]} f3 {[%clk 0:19:02]} 36. Kb5 {[%clk 0:10:07]} Rb2+
{[%clk 0:18:08]} 37. Kxa5 {[%clk 0:08:07]} f2 {[%clk 0:18:34]} 38. Rf1
{[%clk 0:06:35]} Kg7 {[%clk 0:04:47]} 39. c4 {[%clk 0:06:29]} Rc2
{[%clk 0:03:44]} 40. Kb4 {[%clk 0:00:45]} Kg6 {[%clk 0:03:59]} 41. Kb3
{[%clk 0:30:00]} Re2 {[%clk 0:34:36]} 42. c5 {[%clk 0:30:13]} Kf5
{[%clk 0:31:08]} 43. c6 {[%clk 0:29:36]} Ke6 {[%clk 0:31:00]} 44. h5
{[%clk 0:29:54]} Kd6 {[%clk 0:29:57]} 45. h6 {[%clk 0:28:36]} Kxc6
{[%clk 0:30:14]} 46. h7 {[%clk 0:29:00]} Re3+ {[%clk 0:30:41]} 47. Kc4
{[%clk 0:29:25]} Rh3 {[%clk 0:31:06]} 48. Rxf2 {[%clk 0:29:49]} Rh4+
{[%clk 0:31:32]} 49. Kc3 {[%clk 0:29:37]} Rxh7 {[%clk 0:31:59]} 50. Rf6+
{[%clk 0:28:25]} Kd5 {[%clk 0:32:13]} 51. Rf2 {[%clk 0:23:52]} Ke4
{[%clk 0:32:24]} 52. Rf6 {[%clk 0:21:59]} Ke5 {[%clk 0:32:45]} 53. Rf2
{[%clk 0:20:25]} f5 {[%clk 0:33:10]} 54. Kd2 {[%clk 0:19:54]} f4 {[%clk 0:33:08]}
55. Ke2 {[%clk 0:18:30]} Rh3 {[%clk 0:29:04]} 56. Kf1 {[%clk 0:17:14]} Rxa3
{[%clk 0:28:41]} 57. Kg2 {[%clk 0:17:15]} Ke4 {[%clk 0:28:37]} 58. Rb2
{[%clk 0:16:32]} Ke3 {[%clk 0:27:44]} 59. Rf2 {[%clk 0:15:47]} Ra8
{[%clk 0:27:32]} 60. Rf3+ {[%clk 0:15:55]} Ke4 {[%clk 0:27:52]} 61. Rb3
{[%clk 0:15:51]} Ra2+ {[%clk 0:26:47]} 62. Kg1 {[%clk 0:15:26]} f3
{[%clk 0:26:22]} 63. Rb4+ {[%clk 0:14:11]} Ke3 {[%clk 0:26:24]} 64. Rb3+
{[%clk 0:14:39]} Ke2 {[%clk 0:26:46]} 65. Rb1 {[%clk 0:15:00]} Rd2
{[%clk 0:22:17]} 66. Ra1 {[%clk 0:15:08]} Rd3 {[%clk 0:18:51]} 67. Ra2+
{[%clk 0:13:42]} Ke3 {[%clk 0:19:16]} 68. Ra1 {[%clk 0:14:06]} Rb3
{[%clk 0:19:18]} 69. Re1+ {[%clk 0:14:23]} Kf4 {[%clk 0:19:15]} 70. Ra1
{[%clk 0:14:44]} Rb2 {[%clk 0:18:35]} 71. Ra4+ {[%clk 0:14:37]} Ke3
{[%clk 0:18:08]} 72. Ra3+ {[%clk 0:15:02]} Ke2 {[%clk 0:18:15]} 73. Ra1
{[%clk 0:15:30]} Rd2 {[%clk 0:17:57]} 74. Rb1 {[%clk 0:15:51]} Rd4
{[%clk 0:17:30]} 75. Rb2+ {[%clk 0:16:05]} Ke3 {[%clk 0:17:50]} 76. Rb3+
{[%clk 0:16:34]} Kf4 {[%clk 0:18:12]} 77. Rb1 {[%clk 0:15:33]} Re4
{[%clk 0:18:06]} 78. Ra1 {[%clk 0:15:35]} Kg4 {[%clk 0:18:07]} 79. Kf1
{[%clk 0:15:39]} Rb4 {[%clk 0:16:11]} 80. Rc1 {[%clk 0:15:45]} Kf4
{[%clk 0:16:25]} 81. Rc2 {[%clk 0:14:59]} Rb1+ {[%clk 0:15:20]} 82. Kf2
{[%clk 0:15:28]} Rb4 {[%clk 0:15:01]} 83. Ra2 {[%clk 0:15:57]} 1/2-1/2

[Event "WCO2014"]
[Site "Tromso"]
[Date "2014.08.09"]
[Round "7.26"]
[WhiteID "6600174"]
[White "Esquivel Golcher Luis"]
[BlackID "16300599"]
[Black "Ho Jei-Chen"]
[Result "0-1"]
[LiveChessVersion "1.4.3"]
[BlackElo "1808"]
[WhiteElo "2173"]

1. f4 {[%clk 1:30:52]} d5 {[%clk 1:29:37]} 2. Nf3 {[%clk 1:31:10]} Nf6
{[%clk 1:29:18]} 3. e3 {[%clk 1:31:21]} Bf5 {[%clk 1:28:20]} 4. b3
{[%clk 1:31:40]} e6 {[%clk 1:27:35]} 5. Bb2 {[%clk 1:32:02]} h6 {[%clk 1:27:20]}
6. Be2 {[%clk 1:32:00]} Be7 {[%clk 1:27:04]} 7. O-O {[%clk 1:32:22]} O-O
{[%clk 1:26:45]} 8. h3 {[%clk 1:32:39]} c5 {[%clk 1:17:21]} 9. a3
{[%clk 1:32:08]} Nc6 {[%clk 1:16:51]} 10. Bb5 {[%clk 1:32:25]} Nb8
{[%clk 1:05:39]} 11. Kh2 {[%clk 1:26:31]} Ne4 {[%clk 1:02:12]} 12. Qe1
{[%clk 1:09:45]} Bf6 {[%clk 0:48:14]} 13. Qc1 {[%clk 0:53:48]} c4
{[%clk 0:37:56]} 14. bxc4 {[%clk 0:42:26]} a6 {[%clk 0:36:56]} 15. Ba4
{[%clk 0:38:18]} dxc4 {[%clk 0:29:44]} 16. Bxf6 {[%clk 0:38:11]} Qxf6
{[%clk 0:29:27]} 17. c3 {[%clk 0:38:33]} b5 {[%clk 0:20:25]} 18. Bc2
{[%clk 0:38:58]} Nc5 {[%clk 0:19:12]} 19. Ne5 {[%clk 0:37:50]} Rd8
{[%clk 0:16:02]} 20. a4 {[%clk 0:35:02]} Bxc2 {[%clk 0:15:35]} 21. Qxc2
{[%clk 0:35:11]} Rd5 {[%clk 0:13:21]} 22. axb5 {[%clk 0:31:59]} Rxe5
{[%clk 0:12:11]} 23. Na3 {[%clk 0:32:12]} Re4 {[%clk 0:11:54]} 24. b6
{[%clk 0:31:44]} Qd8 {[%clk 0:11:14]} 25. Rfb1 {[%clk 0:27:35]} f5
{[%clk 0:10:40]} 26. Rb4 {[%clk 0:26:09]} Qd5 {[%clk 0:09:53]} 27. Qa2
{[%clk 0:24:40]} Nb3 {[%clk 0:09:16]} 28. Nb5 {[%clk 0:17:01]} Nxa1
{[%clk 0:07:19]} 29. Nc7 {[%clk 0:17:27]} Qb7 {[%clk 0:07:18]} 30. Nxa8
{[%clk 0:15:47]} Nb3 {[%clk 0:06:22]} 31. Qa4 {[%clk 0:13:34]} Qxa8
{[%clk 0:04:38]} 32. Qe8+ {[%clk 0:13:40]} Kh7 {[%clk 0:05:03]} 33. b7
{[%clk 0:13:50]} Qa7 {[%clk 0:05:21]} 34. h4 {[%clk 0:14:07]} Nc5
{[%clk 0:04:43]} 35. g4 Ncd7 {[%clk 0:03:53]} 36. g5 {[%clk 0:09:21]} hxg5
{[%clk 0:03:43]} 37. hxg5 {[%clk 0:09:43]} Qc5 {[%clk 0:03:42]} 38. Kg2
{[%clk 0:01:03]} Qf8 {[%clk 0:03:25]} 39. Qh5+ {[%clk 0:01:32]} Kg8
{[%clk 0:03:46]} 40. Rb1 {[%clk 0:01:59]} Qf7 {[%clk 0:03:20]} 41. g6
{[%clk 0:02:28]} Qf6 {[%clk 0:03:35]} 42. Rh1 {[%clk 0:02:03]} Kf8
{[%clk 0:03:13]} 43. Qh8+ {[%clk 0:02:12]} Ke7 {[%clk 0:03:39]} 44. Rh7
{[%clk 0:00:46]} Qxg6+ {[%clk 0:01:55]} 45. Kf2 {[%clk 0:00:55]} Kf7
{[%clk 0:01:45]} 46. Rh1 {[%clk 0:27:17]} e5 {[%clk 0:29:29]} 47. Qc8
{[%clk 0:24:21]} exf4 {[%clk 0:25:42]} 48. Rh8 {[%clk 0:24:36]} fxe3+
{[%clk 0:25:48]} 49. dxe3 {[%clk 0:24:41]} Qd6 {[%clk 0:21:56]} 50. Qg8+
{[%clk 0:22:49]} Kf6 {[%clk 0:22:05]} 51. Qd8+ {[%clk 0:22:08]} Qe7
{[%clk 0:22:12]} 52. Qc7 {[%clk 0:18:20]} Rxe3 {[%clk 0:20:40]} 53. Qxc4
{[%clk 0:18:25]} Qe4 {[%clk 0:20:10]} 0-1

[Event "WCO2014"]
[Site "Tromso"]
[Date "2014.08.09"]
[Round "7.25"]
[WhiteID "16300343"]
[White "Liao Jo-Kai"]
[BlackID "6600875"]
[Black "Fuentes Adrian"]
[Result "0-1"]
[LiveChessVersion "1.4.3"]
[BlackElo "2105"]
[WhiteElo "1606"]

1. e4 {[%clk 1:30:59]} c5 {[%clk 1:30:50]} 2. Nf3 {[%clk 1:31:23]} d6
{[%clk 1:31:15]} 3. d4 {[%clk 1:30:47]} cxd4 {[%clk 1:31:38]} 4. Nxd4
{[%clk 1:31:08]} Nf6 {[%clk 1:32:04]} 5. Nc3 {[%clk 1:31:30]} a6 {[%clk 1:32:27]}
6. Be3 {[%clk 1:31:53]} e5 {[%clk 1:32:48]} 7. Nb3 {[%clk 1:32:13]} Be7
{[%clk 1:33:08]} 8. Bd3 {[%clk 1:29:16]} O-O {[%clk 1:31:32]} 9. O-O
{[%clk 1:26:18]} b5 {[%clk 1:31:42]} 10. Ne2 {[%clk 1:19:57]} d5 {[%clk 1:28:03]}
11. Ng3 {[%clk 1:19:18]} d4 {[%clk 1:22:30]} 12. Bg5 {[%clk 1:17:09]} Nc6
{[%clk 1:20:20]} 13. Nc1 {[%clk 0:55:28]} Re8 {[%clk 0:55:05]} 14. Be2
{[%clk 0:49:22]} h6 {[%clk 0:52:12]} 15. Bxf6 {[%clk 0:49:16]} Bxf6
{[%clk 0:52:35]} 16. Nd3 {[%clk 0:49:24]} Bg5 {[%clk 0:47:29]} 17. Bg4
{[%clk 0:49:09]} g6 {[%clk 0:41:35]} 18. Bxc8 {[%clk 0:45:22]} Rxc8
{[%clk 0:41:07]} 19. Kh1 {[%clk 0:42:02]} a5 {[%clk 0:37:04]} 20. a3
{[%clk 0:33:01]} Qf6 {[%clk 0:26:27]} 21. Re1 {[%clk 0:19:31]} b4
{[%clk 0:24:37]} 22. axb4 {[%clk 0:19:02]} Nxb4 {[%clk 0:24:58]} 23. Re2
{[%clk 0:14:54]} Qb6 {[%clk 0:22:34]} 24. Rb1 {[%clk 0:11:27]} h5
{[%clk 0:22:48]} 25. Nxb4 {[%clk 0:10:11]} axb4 {[%clk 0:21:27]} 26. Qd3
{[%clk 0:10:25]} Qa5 {[%clk 0:17:15]} 27. Qb3 {[%clk 0:09:29]} Rc5
{[%clk 0:16:50]} 28. h3 {[%clk 0:08:18]} Rec8 {[%clk 0:17:14]} 29. Rbe1
{[%clk 0:06:11]} Rc4 {[%clk 0:15:39]} 30. Rd1 {[%clk 0:03:36]} Qc5
{[%clk 0:15:42]} 31. Rd3 {[%clk 0:03:45]} Rxc2 {[%clk 0:15:19]} 32. Rf3
{[%clk 0:03:39]} Rc1+ {[%clk 0:15:00]} 33. Kh2 {[%clk 0:04:07]} Bf4
{[%clk 0:15:29]} 34. h4 {[%clk 0:01:26]} Qe7 {[%clk 0:15:45]} 35. Kh3
{[%clk 0:01:26]} Bxg3 {[%clk 0:15:16]} 36. Kxg3 {[%clk 0:01:55]} Rh1 0-1

[Event "WCO2014"]
[Site "Tromso"]
[Date "2014.08.09"]
[Round "7.1"]
[WhiteID "5500796"]
[White "Zaibi Amir"]
[BlackID "13100025"]
[Black "Ranaivoharisoa Alain"]
[Result "1-0"]
[LiveChessVersion "1.4.3"]
[BlackElo "2183"]
[WhiteElo "2297"]

1. e4 {[%clk 1:30:56]} c5 {[%clk 1:30:44]} 2. Nf3 {[%clk 1:31:21]} Nc6
{[%clk 1:31:01]} 3. Bb5 {[%clk 1:31:16]} e6 {[%clk 1:29:00]} 4. O-O
{[%clk 1:31:30]} d6 {[%clk 1:28:45]} 5. Re1 {[%clk 1:31:13]} Bd7 {[%clk 1:28:52]}
6. c3 {[%clk 1:31:21]} Nf6 {[%clk 1:23:24]} 7. d4 {[%clk 1:31:32]} cxd4
{[%clk 1:22:28]} 8. cxd4 {[%clk 1:31:56]} a6 {[%clk 1:22:21]} 9. Bxc6
{[%clk 1:27:14]} bxc6 {[%clk 1:22:30]} 10. Nc3 {[%clk 1:27:35]} Be7
{[%clk 1:20:10]} 11. Bg5 {[%clk 1:24:41]} O-O {[%clk 1:17:22]} 12. Rc1
{[%clk 1:22:13]} Ne8 {[%clk 1:08:49]} 13. Bxe7 {[%clk 1:20:24]} Qxe7
{[%clk 1:09:13]} 14. e5 {[%clk 1:19:51]} d5 {[%clk 1:08:02]} 15. Na4
{[%clk 1:19:50]} Nc7 {[%clk 1:08:13]} 16. Qd2 {[%clk 1:16:53]} Rfb8
{[%clk 1:06:19]} 17. Nc5 {[%clk 1:10:51]} Be8 {[%clk 1:06:09]} 18. Re3
{[%clk 1:10:15]} Rb6 {[%clk 0:59:15]} 19. Ne1 {[%clk 1:07:14]} Rab8
{[%clk 0:56:53]} 20. Ned3 {[%clk 1:02:13]} Nb5 {[%clk 0:56:17]} 21. Nb3
{[%clk 1:02:07]} Na7 {[%clk 0:52:06]} 22. Rg3 {[%clk 1:01:30]} f5
{[%clk 0:46:18]} 23. exf6 {[%clk 1:01:08]} Qxf6 {[%clk 0:46:40]} 24. Re1
{[%clk 0:59:45]} Nb5 {[%clk 0:44:53]} 25. Ndc5 {[%clk 0:57:00]} Nc7
{[%clk 0:42:38]} 26. Rge3 {[%clk 0:51:12]} Qg5 {[%clk 0:30:02]} 27. Qa5
{[%clk 0:51:12]} Qd8 {[%clk 0:22:07]} 28. Nxe6 {[%clk 0:49:02]} Nxe6
{[%clk 0:22:09]} 29. Rxe6 {[%clk 0:49:21]} Bg6 {[%clk 0:19:47]} 30. Qc3
{[%clk 0:47:53]} Qc8 {[%clk 0:15:53]} 31. Qg3 {[%clk 0:43:50]} a5
{[%clk 0:11:14]} 32. Nxa5 {[%clk 0:34:59]} Rxb2 {[%clk 0:10:40]} 33. h4
{[%clk 0:34:58]} Rb1 {[%clk 0:07:41]} 34. Nxc6 {[%clk 0:31:36]} Qxe6
{[%clk 0:03:42]} 35. Qxb8+ {[%clk 0:31:55]} Rxb8 {[%clk 0:04:08]} 36. Rxe6
{[%clk 0:32:19]} Rb1+ {[%clk 0:03:25]} 37. Kh2 {[%clk 0:32:32]} Rb2
{[%clk 0:03:21]} 38. Kg3 {[%clk 0:31:27]} Rxa2 {[%clk 0:02:31]} 39. Rd6
{[%clk 0:31:12]} Be4 {[%clk 0:01:06]} 40. f3 {[%clk 0:31:13]} Bb1
{[%clk 0:00:38]} 41. Ne5 {[%clk 0:31:17]} h6 {[%clk 0:27:25]} 42. Rxd5
{[%clk 1:02:15]} Rd2 {[%clk 0:27:01]} 43. Rd8+ {[%clk 1:01:43]} Kh7
{[%clk 0:27:22]} 44. h5 {[%clk 1:01:58]} Bd3 {[%clk 0:25:52]} 45. Nxd3
{[%clk 1:01:03]} Rxd3 {[%clk 0:26:15]} 46. Kf4 {[%clk 1:01:28]} 1-0

[Event "WCO2014"]
[Site "Tromso"]
[Date "2014.08.09"]
[Round "7.2"]
[WhiteID "13100050"]
[White "Rakotomaharo Fy Antenaina"]
[BlackID "5500419"]
[Black "Amdouni Zoubaier"]
[Result "1/2-1/2"]
[LiveChessVersion "1.4.3"]
[BlackElo "2350"]
[WhiteElo "2253"]

1. d4 {[%clk 1:30:55]} Nf6 {[%clk 1:30:32]} 2. c4 {[%clk 1:31:18]} e6
{[%clk 1:30:58]} 3. Nc3 {[%clk 1:31:38]} d5 {[%clk 1:31:23]} 4. cxd5
{[%clk 1:31:35]} exd5 {[%clk 1:31:51]} 5. Bg5 {[%clk 1:31:56]} Be7
{[%clk 1:32:03]} 6. e3 {[%clk 1:32:06]} c6 {[%clk 1:31:55]} 7. Bd3
{[%clk 1:31:52]} O-O {[%clk 1:31:10]} 8. Qc2 {[%clk 1:24:41]} Nbd7
{[%clk 1:31:00]} 9. Nf3 {[%clk 1:24:51]} Re8 {[%clk 1:30:55]} 10. O-O
{[%clk 1:24:18]} Nf8 {[%clk 1:30:35]} 11. Nd2 {[%clk 1:20:25]} Bd6
{[%clk 1:25:00]} 12. Kh1 {[%clk 1:11:00]} Ng6 {[%clk 1:22:26]} 13. Rae1
{[%clk 1:10:50]} h6 {[%clk 1:20:05]} 14. Bxf6 {[%clk 1:10:19]} Qxf6
{[%clk 1:20:31]} 15. f4 {[%clk 1:09:20]} Bg4 {[%clk 0:58:38]} 16. Nb3
{[%clk 0:28:20]} Qh4 {[%clk 0:44:56]} 17. g3 {[%clk 0:22:55]} Qh5
{[%clk 0:38:43]} 18. Be2 {[%clk 0:22:00]} Ne7 {[%clk 0:36:04]} 19. Bxg4
{[%clk 0:20:57]} Qxg4 {[%clk 0:36:32]} 20. f5 {[%clk 0:21:15]} Bb4
{[%clk 0:27:40]} 21. e4 {[%clk 0:14:42]} dxe4 {[%clk 0:26:11]} 22. Rxe4
{[%clk 0:15:06]} Qh5 {[%clk 0:16:57]} 23. Rh4 {[%clk 0:06:51]} Qg5
{[%clk 0:17:08]} 24. Ne4 {[%clk 0:06:58]} Qe3 {[%clk 0:17:06]} 25. a3
{[%clk 0:06:37]} Nd5 {[%clk 0:12:22]} 26. axb4 {[%clk 0:06:11]} Nxb4
{[%clk 0:12:12]} 27. Qg2 {[%clk 0:06:24]} Qxb3 {[%clk 0:11:58]} 28. f6
{[%clk 0:06:47]} Qe6 {[%clk 0:08:07]} 29. Qf3 {[%clk 0:01:21]} Nd5
{[%clk 0:03:57]} 30. Rg4 {[%clk 0:01:25]} g6 {[%clk 0:02:32]} 31. h4
{[%clk 0:00:34]} h5 {[%clk 0:02:16]} 32. Rxg6+ {[%clk 0:00:57]} fxg6
{[%clk 0:02:35]} 33. f7+ {[%clk 0:01:14]} Kg7 {[%clk 0:02:21]} 34. Ng5
{[%clk 0:00:34]} Qf6 {[%clk 0:02:01]} 35. fxe8=N+ {[%clk 0:00:51]} Rxe8
{[%clk 0:02:26]} 36. Qd3 {[%clk 0:01:05]} Re3 {[%clk 0:01:35]} 37. Qb1
{[%clk 0:00:32]} Qd6 {[%clk 0:01:25]} 38. Rf7+ {[%clk 0:00:57]} Kg8
{[%clk 0:01:47]} 39. Qf1 {[%clk 0:01:21]} Re7 {[%clk 0:01:04]} 40. Rf8+
{[%clk 0:01:28]} Kg7 {[%clk 0:01:32]} 41. Rf7+ {[%clk 0:01:46]} Kg8
{[%clk 0:01:03]} 42. Rf8+ {[%clk 0:11:46]} Kg7 {[%clk 0:32:02]} 43. Rf7+
{[%clk 0:11:13]} Kg8 {[%clk 0:32:31]} 44. Rf8+ {[%clk 0:11:36]} 1/2-1/2

[Event "WCO2014"]
[Site "Tromso"]
[Date "2014.08.09"]
[Round "7.3"]
[WhiteID "5501733"]
[White "Bouzidi Ahmed"]
[BlackID "13100173"]
[Black "Rakotoniaina Antsiva"]
[Result "1/2-1/2"]
[LiveChessVersion "1.4.3"]
[BlackElo "2014"]
[WhiteElo "2231"]

1. e4 {[%clk 1:30:58]} c5 {[%clk 1:30:56]} 2. c3 {[%clk 1:31:24]} Nf6
{[%clk 1:30:22]} 3. e5 {[%clk 1:31:49]} Nd5 {[%clk 1:30:36]} 4. Bc4
{[%clk 1:32:05]} Nb6 {[%clk 1:30:39]} 5. Bb3 {[%clk 1:32:31]} d6 {[%clk 1:30:30]}
6. exd6 {[%clk 1:28:16]} Qxd6 {[%clk 1:30:40]} 7. Nf3 {[%clk 1:28:40]} Nc6
{[%clk 1:30:34]} 8. O-O {[%clk 1:29:00]} Bf5 {[%clk 1:30:28]} 9. d4
{[%clk 1:27:47]} e6 {[%clk 1:25:35]} 10. Na3 {[%clk 1:26:35]} Rd8
{[%clk 1:17:55]} 11. Be3 {[%clk 1:23:32]} Qb8 {[%clk 1:15:52]} 12. Re1
{[%clk 1:10:09]} Be7 {[%clk 1:13:41]} 13. Qe2 {[%clk 1:01:12]} O-O
{[%clk 1:12:39]} 14. dxc5 {[%clk 0:53:09]} Bd3 {[%clk 1:10:19]} 15. Qd1
{[%clk 0:51:56]} Be4 {[%clk 1:06:46]} 16. Nd2 {[%clk 0:52:15]} Nd5
{[%clk 0:57:23]} 17. Nxe4 {[%clk 0:46:23]} Nxe3 {[%clk 0:57:28]} 18. Qe2
{[%clk 0:45:01]} Nd5 {[%clk 0:51:00]} 19. Rad1 {[%clk 0:42:35]} Nf6
{[%clk 0:45:59]} 20. Bc2 {[%clk 0:40:06]} Rxd1 {[%clk 0:37:07]} 21. Rxd1
{[%clk 0:40:06]} Rd8 {[%clk 0:37:35]} 22. Rxd8+ {[%clk 0:32:02]} Qxd8
{[%clk 0:37:28]} 23. Nc4 {[%clk 0:28:06]} Qd5 {[%clk 0:33:20]} 24. Qd3
{[%clk 0:26:41]} Nxe4 {[%clk 0:27:04]} 25. Qxe4 {[%clk 0:27:04]} g6
{[%clk 0:27:18]} 26. Qxd5 {[%clk 0:16:16]} exd5 {[%clk 0:27:46]} 27. Nd6
{[%clk 0:16:16]} b6 {[%clk 0:25:24]} 28. cxb6 {[%clk 0:13:58]} axb6
{[%clk 0:25:10]} 29. Nb5 {[%clk 0:13:23]} Bf6 {[%clk 0:24:01]} 30. f4
{[%clk 0:07:44]} d4 {[%clk 0:24:14]} 31. Be4 {[%clk 0:08:01]} dxc3
{[%clk 0:24:32]} 32. bxc3 {[%clk 0:08:24]} Nd8 {[%clk 0:24:15]} 33. Bd5
{[%clk 0:08:41]} Kf8 {[%clk 0:23:38]} 34. Kf2 {[%clk 0:08:42]} h5
{[%clk 0:21:59]} 35. g3 {[%clk 0:08:49]} Be7 {[%clk 0:21:11]} 36. Ke3
{[%clk 0:08:38]} Bc5+ {[%clk 0:21:39]} 37. Nd4 {[%clk 0:08:59]} Ke7
{[%clk 0:21:17]} 38. Kd3 {[%clk 0:09:01]} f6 {[%clk 0:20:27]} 39. Kc4
{[%clk 0:08:59]} Kd6 {[%clk 0:19:05]} 40. a4 {[%clk 0:09:09]} Kc7
{[%clk 0:14:24]} 41. Nb5+ {[%clk 0:08:56]} Kb8 {[%clk 0:14:00]} 42. a5
{[%clk 0:09:20]} Nb7 {[%clk 0:13:02]} 43. axb6 {[%clk 0:03:50]} Bxb6
{[%clk 0:13:21]} 44. Bxb7 {[%clk 0:04:09]} Kxb7 {[%clk 0:13:40]} 45. Kd5
{[%clk 0:04:11]} Bg1 {[%clk 0:13:22]} 46. Nd4 {[%clk 0:00:57]} Bxh2
{[%clk 0:13:24]} 47. Ne2 {[%clk 0:30:26]} g5 {[%clk 0:44:06]} 48. Ke6
{[%clk 0:29:50]} gxf4 {[%clk 0:43:28]} 49. gxf4 {[%clk 0:30:13]} h4
{[%clk 0:43:02]} 50. Kf5 {[%clk 0:19:34]} Bg3 {[%clk 0:41:54]} 51. Kg4
{[%clk 0:19:35]} Be1 {[%clk 0:42:03]} 52. c4 {[%clk 0:18:42]} f5+
{[%clk 0:40:35]} 53. Kf3 {[%clk 0:14:16]} h3 {[%clk 0:39:24]} 54. Nd4
{[%clk 0:13:48]} h2 {[%clk 0:38:24]} 55. Kg2 {[%clk 0:14:02]} Bd2
{[%clk 0:38:37]} 56. Ne6 {[%clk 0:10:54]} Kc6 {[%clk 0:38:43]} 57. Nd4+
{[%clk 0:10:57]} Kd7 {[%clk 0:38:39]} 58. Ne2 {[%clk 0:10:47]} Kc6
{[%clk 0:38:59]} 59. Nd4+ {[%clk 0:10:22]} Kd7 {[%clk 0:39:23]} 1/2-1/2

[Event "WCO2014"]
[Site "Tromso"]
[Date "2014.08.09"]
[Round "7.4"]
[WhiteID "13100254"]
[White "Ramasindraibe Girard"]
[BlackID "5500311"]
[Black "Bouaziz Mehdi"]
[Result "0-1"]
[LiveChessVersion "1.4.3"]
[BlackElo "2246"]
[WhiteElo "2065"]

1. d4 {[%clk 1:30:44]} Nf6 {[%clk 1:30:19]} 2. Nc3 {[%clk 1:30:52]} d5
{[%clk 1:25:06]} 3. Bg5 {[%clk 1:31:18]} c6 {[%clk 1:18:54]} 4. f3
{[%clk 1:27:25]} Bf5 {[%clk 1:04:21]} 5. Qd2 {[%clk 1:27:35]} Nbd7
{[%clk 1:03:23]} 6. g4 {[%clk 1:21:24]} Bg6 {[%clk 1:00:38]} 7. h4
{[%clk 1:21:39]} h5 {[%clk 0:57:43]} 8. gxh5 {[%clk 1:21:29]} Nxh5
{[%clk 0:56:44]} 9. O-O-O {[%clk 1:20:18]} f6 {[%clk 0:48:19]} 10. Be3
{[%clk 1:19:46]} Ng3 {[%clk 0:44:51]} 11. Rh2 {[%clk 1:19:25]} Nxf1
{[%clk 0:44:23]} 12. Rxf1 {[%clk 1:19:52]} e5 {[%clk 0:43:41]} 13. Bf2
{[%clk 1:16:54]} Nb6 {[%clk 0:39:48]} 14. e4 {[%clk 1:02:30]} exd4
{[%clk 0:18:06]} 15. Qxd4 {[%clk 0:56:22]} dxe4 {[%clk 0:16:45]} 16. Qe3
{[%clk 0:56:07]} Nd5 {[%clk 0:13:19]} 17. Nxd5 {[%clk 0:54:51]} Qxd5
{[%clk 0:09:45]} 18. Kb1 {[%clk 0:47:22]} O-O-O {[%clk 0:06:43]} 19. Ne2
{[%clk 0:47:49]} exf3 {[%clk 0:05:36]} 20. Nc3 {[%clk 0:26:17]} Qe5
{[%clk 0:04:39]} 21. Qxf3 {[%clk 0:22:49]} Qxh2 {[%clk 0:02:06]} 22. Qg4+
{[%clk 0:23:12]} Rd7 {[%clk 0:02:17]} 23. Qxg6 {[%clk 0:23:09]} Bb4
{[%clk 0:01:53]} 24. Ne4 {[%clk 0:21:46]} Rhd8 {[%clk 0:01:38]} 25. Qg4
{[%clk 0:22:08]} Qe5 {[%clk 0:01:27]} 26. a3 {[%clk 0:22:20]} f5 {[%clk 0:01:20]}
27. Qh5 {[%clk 0:16:38]} Bxa3 {[%clk 0:01:22]} 28. bxa3 {[%clk 0:17:00]} Qb5+
{[%clk 0:01:43]} 29. Ka2 {[%clk 0:16:41]} Qc4+ {[%clk 0:01:50]} 30. Kb2
{[%clk 0:16:56]} Qb5+ {[%clk 0:02:18]} 31. Ka2 {[%clk 0:17:16]} Qxf1
{[%clk 0:02:21]} 32. Qxf5 {[%clk 0:17:37]} Qc4+ {[%clk 0:02:26]} 33. Ka1
{[%clk 0:18:05]} Qd5 {[%clk 0:01:40]} 34. Qg4 {[%clk 0:18:22]} Qd1+
{[%clk 0:01:52]} 35. Qxd1 {[%clk 0:18:49]} Rxd1+ {[%clk 0:02:17]} 36. Kb2
{[%clk 0:19:04]} b6 {[%clk 0:02:34]} 37. Bg3 {[%clk 0:17:52]} R1d4
{[%clk 0:02:14]} 38. Ng5 {[%clk 0:17:34]} Rg4 {[%clk 0:02:29]} 39. Be1
{[%clk 0:18:03]} Rd5 {[%clk 0:02:08]} 40. Nf3 {[%clk 0:16:17]} Rb5+
{[%clk 0:02:14]} 41. Kc3 {[%clk 0:16:22]} Ra4 {[%clk 0:02:14]} 42. Kd3
{[%clk 0:13:09]} Rxa3+ {[%clk 0:30:03]} 43. c3 {[%clk 0:44:33]} Rd5+
{[%clk 0:29:10]} 44. Ke4 {[%clk 0:43:22]} Ra4+ {[%clk 0:29:26]} 45. Ke3
{[%clk 0:43:45]} Rg4 {[%clk 0:29:43]} 46. Bf2 {[%clk 0:43:31]} c5
{[%clk 0:29:32]} 47. Bg1 {[%clk 0:43:10]} a5 {[%clk 0:28:55]} 48. Bh2
{[%clk 0:43:26]} a4 {[%clk 0:28:42]} 49. Bf4 {[%clk 0:42:53]} a3 {[%clk 0:28:31]}
50. c4 {[%clk 0:43:14]} a2 {[%clk 0:28:05]} 51. Ne5 {[%clk 0:40:53]} Rxf4
{[%clk 0:27:40]} 52. cxd5 {[%clk 0:41:06]} Rxh4 {[%clk 0:27:46]} 0-1